00559nam a2200109Ia 4500008004100000100007000041245014200111260007600253650002700329999001900356952007400375160725s9999 xx 000 0 und d aDiñoso, Rommel B., Mendoza, Armando C., Jr. & Mendoza, Rodel C. aAutomation of the science laboratories of Southville International School and Colleges through the implementation of an inventory system. bKaizen Research Journal College of Information TechnologycJanuary 2014 aINFORMATION TECHNOLOGY c298009d298009 001040aAbAcARd2016-07-25l0r2016-07-25 00:00:00w2016-07-25ySV